000 00609aab a2200193 4500
001 768714001
003 CO-MdFUSB
005 20240613123045.0
008 170523s1999 cr ||||| |||| 00| 0 spa d
022 _a1409-1968
040 _aCO-MdFUSB
_bspa
_cCO-MdFUSB
_dCO-MdFUSB
041 _aspa
100 1 _aPanasiuk, Andrés G.
_eautor
245 1 0 _aTrasquilando el rebaño
_c/ Andrés G. Panasiuk
300 _aVolumen 17. Número 1 (1999), páginas 80-82
_c: 27 cm.
773 0 _tApuntes Pastorales
_049442
_960187
_gVolumen 17. Número 1 (1999), páginas 80-82
_qPágina 80
942 _cANA
945 _aJTF-925
999 _c60001
_d60001